Normal view
MARC view
Entry Término temático
001 - NÚMERO DE CONTROL
- campo de control: 239320
003 - IDENTIFICADOR DE NÚMERO DE CONTROL
- campo de control: ES-MaACL
005 - FECHA Y HORA DE LA ÚLTIMA TRANSACCIÓN
- campo de control: 20250722181641.0
008 - ELEMENTOS DE DATO DE LONGITUD-FIJA
- campo de control de longitud fija: 241119|| aca||aabn | a|a d
040 ## - FUENTE DE CATALOGACIÓN
- Centro catalogador/agencia de origen: ES-MaACL
- Centro/agencia transcriptor: ES-MaACL
150 ## - ENCABEZAMIENTO--TÉRMINO DE MATERIA
- Término de materia o nombre geográfico como elemento de entrada: Judíos-
- Subdivisión geográfica: Polonia-
- Subdivisión general: Historia-
- Subdivisión cronológica: S.XX-
- Subdivisión de forma: Cómics
670 ## - FUENTE DE DATOS ENCONTRADOS
- Cita de la fuente: Work cat.: (ES-MaACL)196779: Spiegelman, Art 1948- 239319, Maus, 2007
